• AIU
  • Tony Wilmot Memorial Library

Translator's notes on Genesis / (Record no. 61594)

MARC details
000 -LEADER
fixed length control field 01067cam a2200301 a 4500
001 - CONTROL NUMBER
control field 14559767
003 - CONTROL NUMBER IDENTIFIER
control field OSt
005 - DATE AND TIME OF LATEST TRANSACTION
control field 20150320163946.0
008 - FIXED-LENGTH DATA ELEMENTS--GENERAL INFORMATION
fixed length control field 060920m2007 txu b 000 0 eng
010 ## - LIBRARY OF CONGRESS CONTROL NUMBER
LC control number 2006935050
020 ## - INTERNATIONAL STANDARD BOOK NUMBER
International Standard Book Number 9781556711732 (alk. paper)
040 ## - CATALOGING SOURCE
Original cataloging agency DLC
Transcribing agency DLCdDLC
050 00 - LIBRARY OF CONGRESS CALL NUMBER
Classification number BS1235.53
Item number .B37 2007
082 00 - DEWEY DECIMAL CLASSIFICATION NUMBER
Classification number 222/.11077
Edition number 22
100 1# - MAIN ENTRY--PERSONAL NAME
Personal name Barnwell, Katharine G. L.
9 (RLIN) 36780
245 10 - TITLE STATEMENT
Title Translator's notes on Genesis /
Statement of responsibility, etc Katharine Barnwell, Hanni Kuhn.
260 ## - PUBLICATION, DISTRIBUTION, ETC. (IMPRINT)
Place of publication, distribution, etc Dallas, TX :
Name of publisher, distributor, etc SIL International, International Translation Dept.,
Date of publication, distribution, etc 2007-
300 ## - PHYSICAL DESCRIPTION
Extent v. <1> ;
Dimensions 28 cm.
490 0# - SERIES STATEMENT
Series statement Translator's notes series
504 ## - BIBLIOGRAPHY, ETC. NOTE
Bibliography, etc Includes bibliographical references (v. 1, p. 231-236).
505 1# - FORMATTED CONTENTS NOTE
Formatted contents note v. 1. 1-11:26.
630 00 - SUBJECT ADDED ENTRY--UNIFORM TITLE
Uniform title Bible.
Name of part/section of a work Genesis
Form subdivision Commentaries.
9 (RLIN) 36781
630 00 - SUBJECT ADDED ENTRY--UNIFORM TITLE
Uniform title Bible.
Name of part/section of a work Genesis
General subdivision Translating.
9 (RLIN) 36782
700 1# - ADDED ENTRY--PERSONAL NAME
Personal name Kuhn, Hanni.
9 (RLIN) 36783
906 ## - LOCAL DATA ELEMENT F, LDF (RLIN)
a 7
b cbc
c orignew
d 2
e epcn
f 20
g y-gencatlg
942 ## - ADDED ENTRY ELEMENTS (KOHA)
Source of classification or shelving scheme Library of Congress Classification
Koha item type Books
Holdings
Withdrawn status Lost status Source of classification or shelving scheme Damaged status Not for loan Collection code Home library Current library Shelving location Date acquired Source of acquisition Cost, normal purchase price Total Checkouts Full call number Barcode Date last seen Copy number Price effective from Koha item type
    Library of Congress Classification     General Circulation AIU/NEGST - Tony Wilmot Memorial Library AIU/NEGST - Tony Wilmot Memorial Library General Stacks 03/20/2015 Donation - TBN 30.00   BS1235.53.B37 2007 R32924Y3232 03/20/2015 1 03/20/2015 Books